British Birds by Picture - Finches - Statistics

General Stats
  • This quiz has been taken 11 times
  • The average score is 15 of 20
Answer Stats
Picture Hint Answer % Correct
Fringilla montifringilla (*) Brambling
100%
Linaria cannabina (*) Common Linnet
100%
Pyrrhula pyrrhula Eurasian Bullfinch
100%
Spinus spinus (*) Eurasian Siskin
100%
Fringilla coelebs European Chaffinch
100%
Carduelis carduelis European Goldfinch
100%
Chloris chloris European Greenfinch
100%
Serinus serinus (*) European Serin
100%
Loxia curvirostra (*) Red Crossbill
100%
Loxia scotica (*) Scottish Crossbill
100%
Coccothraustes coccothraustes Hawfinch
80%
Acanthis flammea (*) Redpoll
80%
Carpodacus erythrinus Common Rosefinch
60%
Carduelis citrinella Citril Finch
40%
Hesperiphona vespertina (*) Evening Grosbeak
40%
Loxia pytyopsittacus (*) Parrot Crossbill
40%
Linaria flavirostris (*) Twite
40%
Loxia leucoptera (*) Two-Barred Crossbill
40%
Pinicola enucleator (*) Pine Grosbeak
20%
Bucanetes githagineus Trumpeter Finch
20%
No matching quizzes found
Score Distribution
Percent of People with Each Score
Percentile by Number Answered
Your Score History
You have not taken this quiz